Optimální výrobní dávka a průběžná doba výrobku.

Ekonomický dosah správneho určenia veľkosti výrobnej dávky výrobku. Určenie optimálnej výrobnej dávky, jej vzorec. Minimalizácia nákladov na prípravu, zavedenie a ukončenie výrobnej dávky, na skladovanie materiálu, na úroky z bežných prostriedkov a odvod zo zásob. Vnútorné a vonkajšie podmienky pri...

Ausführliche Beschreibung

Gespeichert in:
Bibliographische Detailangaben
1. Verfasser: Kůrečka, R.
Format: Buchkapitel
Sprache:Tschechisch
Schlagworte:
Tags: Tag hinzufügen
Keine Tags, Fügen Sie das erste Tag hinzu!

MARC

LEADER 00000naa a2200000 4500
001 r003760
005 20221125080842.5
041 0 |a cze 
044 |a [CS] 
245 1 0 |a Optimální výrobní dávka a průběžná doba výrobku.  |c R. Kůrečka 
520 |a Ekonomický dosah správneho určenia veľkosti výrobnej dávky výrobku. Určenie optimálnej výrobnej dávky, jej vzorec. Minimalizácia nákladov na prípravu, zavedenie a ukončenie výrobnej dávky, na skladovanie materiálu, na úroky z bežných prostriedkov a odvod zo zásob. Vnútorné a vonkajšie podmienky pri uplatňovaní optimálnej dávky. 
610 2 0 |a organizácia výroby 
610 2 0 |a riadenie výroby 
610 2 0 |a výrobky 
100 1 |a Kůrečka, R.